000 00264nam a22001217a 4500
008 170605b xxu||||| |||| 00| 0 eng d
041 _aeng
080 _a94(4)
100 _a18
101 _aSHH
245 _aTHE AGE OF REASON BEGINS
_cDURANT,W
942 _2udc
_cBK
999 _c15867
_d15867